Statistics for Pre- Vocabulary Words Quiz

Click here to take the quiz!

General Stats

  • This quiz has been taken 35,278 times
  • The average score is 12 of 20

Answer Stats

Definition Word % Correct
To warm the oven beforehandPreheat
99%
To order a drug for a patientPrescribe
86%
Slang for a pre-wedding legal agreementPrenup
74%
Rain or snow, for examplePrecipitation
74%
The beginning part of some wordsPrefix
72%
DistractedPreoccupied
72%
Prior to birthPrenatal
70%
UsedPreowned
66%
To enter the plane before othersPreboard
65%
Of the time before recorded eventsPrehistoric
58%
A tough spot. A bit of a picklePredicament
57%
Police districtPrecinct
56%
First part of the U.S. ConstitutionPreamble
54%
Type of human toothPremolar
52%
Introductory musical piecePrelude
51%
It keeps food freshPreservative
46%
Like a crime that was planned in advancePremeditated
44%
One of the parts of speechPreposition
38%
Like a tail that can grab thingsPrehensile
30%
What a child prodigy isPrecocious
28%

Score Distribution

Percentile by Number Answered

Percent of People with Each Score

Your Score History

You have not taken this quiz